01099nam a2200253 a 450000100100000000500170001000800410002702000180006804000250008608200200011110000210013124001190015224501700027126000380044130000360047949000150051550400550053050400320058565000670061765000570068470000400074171000490078183000150083000004351220240313073818.0140320s2009 dr a 001 0 spa d a9789945412291 aDO-SdBNPbspacBNPHU a282.7293bB562i1 aBetances, Emelio10aThe catholic church and power politics in Latin America : the dominican case in comparative perspectivelespañol13aLa iglesia católica y la política del poder en América Latina :bel caso dominicano en perspectiva comparada /cEmilio Betances ; prólogo José Luis Sáez. aSanto Domingo :bFUNGLODE,c2009. a427 p. :bil., tabls. ;c24 cm.1 aDemocracia aIncluye bibligrafía y notas al pie de páginas. aBibliografía: p. 385-406. 4aIglesia católicazRepública DominicanaxHistoriaySIGLO XX 4aIglesia y estado en república dominicanaxSiglo xx12a Sáez , José Luisd1937-eprol.2 aFundación Global Democracía y Desarrollo 0aDemocracia